| 000 | 00000nam##2200000za#4500 |
| 001 | 9.545516 |
| 003 | CaOODSP |
| 005 | 20210615091356 |
| 007 | ta |
| 008 | 150406|2007||||xxc||||| f|0| 0 eng|d |
| 022 | |a0706-6457 |
| 040 | |aCaOODSP|beng |
| 041 | |aeng |
| 041 | |afre |
| 043 | |an-cn--- |
| 086 | 1 |aFs97-6/2746 |
| 110 | 1 |aCanada. |bDepartment of Fisheries and Oceans. |
| 245 | 10|aProceedings of the 33rd annual Aquatic Toxicity Workship, October 1 to 4, 2006, Jasper, Alberta / |cEditors: B. A. Munson ... [et al.] |
| 260 | |aSt. Andrews - New Brunswick : |bFisheries and Oceans Canada |c2007. |
| 300 | |axiv, 114p. : |bindex ; |c28 cm. |
| 490 | 1 |aCanadian technical report of fisheries and aquatic sciences|x0706-6457|v2746 |
| 500 | |a"Fisheries and Oceans Canada, St. Andrews Biological Station, St. Andrews, NB, E5B 2L9". |
| 520 | 3 |aThis report is part of a series containing scientific and technical information that widens existing scientific knowledge but is not considered appropriate for publication in the primary literature. The research covers such subjects as ecosystem models, methods for enhancing aquaculture, commercial fishing equipment, and environmental threats to aquatic quality and fisheries resources. Includes tables, graphs, and charts. |
| 546 | |aChiefly English, with preface and editors comments in French. |
| 563 | |aSoftcover |
| 590 | |a07-51|b2007-12-28 |
| 690 | 07|aFisheries|2gcpds |
| 690 | 07|aAquatic ecosystems|2gcpds |
| 690 | 07|aConferences|2gcpds |
| 720 | 1 |aMunson, B. A. |
| 776 | 0#|tCompes [i.e. comptes] rendus du 33ième atelier annuel sur la toxicité aquatique, du 1 au 4 octobre 2006, Jasper, Alberta : |w(CaOODSP)9.588188 |
| 792 | |tCompes [i.e. comptes] rendus du 33ième atelier annuel sur la toxicité aquatique, du 1 au 4 octobre 2006, Jasper, Alberta / |efre|w(CaOODSP)9.545517 |
| 830 | #0|aCanadian technical report of fisheries and aquatic sciences,|x0706-6457|v2746|w(CaOODSP)9.514690 |